000 00633cam a2200229 4500
001 J95043
008 090401t1998 xxu||||| |||| 00| 0 eng d
035 _a(Sirsi) u89681
041 _aeng
050 _a333.3309421
110 _aDTZ Debenham Thorpe
_92895
245 _aPrime central London residential report 1998.
260 _aLondon
_bDTZ Debenham Thorpe
_c1998
300 _a7p. : ill. ; 30cm.
350 _a0
650 _aLONDON
650 _aRESIDENTIAL MARKET
650 _aRESIDENTIAL PROPERTY
_96266
690 _aPROPERTY-RESIDENTIAL PROPERTY-RESIDENTIAL PROPERTY MARKET
942 _n0
948 _c16/11/1998
999 _c97489
_d97489